LEADER 01250nam a22002651i 4500 001 991000598449707536 005 20041007100735.0 008 041108s1987 it |||||||||||||||||ita 035 $ab13244589-39ule_inst 035 $aARCHE-117613$9ExL 040 $aDip.to Studi Storici$bita$cA.t.i. Arché s.c.r.l. Pandora Sicilia s.r.l. 082 04$a782.1094 100 1 $aFabbri, Paolo$d<1948->$0321688 245 10$aDue secoli di teatro per musica a Reggio Emilia :$brepertorio cronologico delle opere e dei balli 1645-1857 /$cPaolo Fabbri, Roberto Verti ; con una premessa di Lorenzo Bianconi 260 $aReggio Emilia :$bEdizioni del Teatro municipale Valli,$cc1987 300 $a479 p. ;$c22 cm 650 4$aOpere in musica$xRappresentazioni$xReggio Emilia$y1645-1857$xRepertori 700 1 $aVerti, Roberto$eauthor$4http://id.loc.gov/vocabulary/relators/aut$0737691 700 1 $aBianconi, Lorenzo 907 $a.b13244589$b02-04-14$c12-11-04 912 $a991000598449707536 945 $aLE019 MUS 241 BIS$g1$i2019000072236$lle019$nC. 1$o-$pE0.00$q-$rl$s- $t0$u0$v0$w0$x0$y.i13934168$z12-11-04 996 $aDue secoli di teatro per musica a Reggio Emilia$91460674 997 $aUNISALENTO 998 $ale019$b12-11-04$cm$da $e-$fita$git $h0$i1 LEADER 02374nam 2200421 450 001 9910149450003321 005 20230617014543.0 010 $a1-63459-358-8 035 $a(CKB)3710000000933258 035 $a(MiAaPQ)EBC5245323 035 $a(EXLCZ)993710000000933258 100 $a20180312h20052005 uy 0 101 0 $aeng 135 $aurcnu|||||||| 181 $2rdacontent 182 $2rdamedia 183 $2rdacarrier 200 00$aBusiness tax stories /$fedited by Steven A. Bank, Kirk J. Stark 210 1$aNew York, New York :$cFoundation Press,$d2005. 210 4$d©2005 215 $a1 online resource (341 pages) 311 $a1-58778-729-6 320 $aIncludes bibliographical references. 327 $tEvolutionary perspective on the history of U.S. business taxation /$rSteven A. Bank,$rKirk J. Stark --$tStory of the separate corporate income tax: a vehicle for regulating corporate managers /$rReuven S. Avi-Yonah --$tStory of the corporate reorganization provisions: from "purely paper" to corporate welfare /$rAjay K. Mehrotra --$tStory of Gregory: how are tax avoidance cases decided? /$rAssaf Likhovski --$tStory of General Utilities and its repeal: much ado about nothing? /$rHerwig J. Schlunk --$tStory of double taxation: a clash over the control of corporate earnings /$rSteven A. Bank --$tStory of Hendler: from pyrrhic victory to modern section 357 /$rKaren C. Burke --$tStory of Subchapter K: Mark H. Johnson's quest /$rMark P. Gergen --$tStory of Tufts: the "logic" of taxing nonrecourse transactions /$rLaura E. Cunningham,$rNoe?l B. Cunningham --$tStory of Seagram: the step transaction doctrine on the rocks /$rLawrence Zelenak --$tStory of LLCs: combining the best features of a flawed business tax structure /$rSusan Pace Hamill. 606 $aCorporations$xTaxation$xLaw and legislation$zUnited States$xHistory$y20th century 606 $aBusiness tax$xLaw and legislation$zUnited States$xHistory$y20th century 615 0$aCorporations$xTaxation$xLaw and legislation$xHistory 615 0$aBusiness tax$xLaw and legislation$xHistory 676 $a343.73052 702 $aBank$b Steven A.$f1969- 702 $aStark$b Kirk J. 801 0$bMiAaPQ 801 1$bMiAaPQ 801 2$bMiAaPQ 906 $aBOOK 912 $a9910149450003321 996 $aBusiness tax stories$92875341 997 $aUNINA LEADER 05560nam 22007095 450 001 9910913784503321 005 20251113174552.0 010 $a9783031688423 010 $a3031688422 024 7 $a10.1007/978-3-031-68842-3 035 $a(CKB)36812867800041 035 $a(MiAaPQ)EBC31812271 035 $a(Au-PeEL)EBL31812271 035 $a(OCoLC)1477222793 035 $a(DE-He213)978-3-031-68842-3 035 $a(EXLCZ)9936812867800041 100 $a20241202d2024 u| 0 101 0 $aeng 135 $aur||||||||||| 181 $ctxt$2rdacontent 182 $cc$2rdamedia 183 $acr$2rdacarrier 200 10$aGlobal Changes and Sustainable Development in Asian Emerging Market Economies: Volume 2 $eProceedings of EDESUS 2023 /$fedited by An Thinh Nguyen, Luc Hens 205 $a1st ed. 2024. 210 1$aCham :$cSpringer Nature Switzerland :$cImprint: Springer,$d2024. 215 $a1 online resource (657 pages) 225 1 $aEconomics and Finance Series 311 08$a9783031688416 311 08$a3031688414 327 $aChapter 1: Comparing Vietnam's impressive efforts in the digital economic race with other potent Southeast Asian nations -- Chapter 2: Experience in developing digital economy in oversea countries and its implications for Vietnam -- Chapter 3: Using tobit model to estimate the impact of factors on business efficiency of Vietnam commercial bankers -- Chapter 4: Impact of ICT to Global value chain participation of Vietnam ? SMART simulation approach -- Chapter 5: Factors affecting investment location decisions of domestic investors: case study in Phu Tho province -- Chapter 6: Effects of blue, green, and grey infrastructure landscape patterns on land surface temperature: a case study of Hue city, Vietnam -- Chapter 7: Exploring the determinants of digital banking: perspective on barriers to change -- Chapter 8: Framework of fraudulent credit card preventing system using machine learning techniques in Vietnam -- Chapter 9: Employment risk management under the impact of the Covid-19 pandemic: case of tourism and hospitality students in Vietnam -- Chapter 10: FDI and the effectiveness of tax contribution: a study of a formal economic sector in Vietnam -- Chapter 11: Law and policies on culture of ethnic minorities and mountain regions for sustainable development in Vietnam -- Chapter 12: Assessment of Sustainable Development Goals implementation at the deltas: case studies at Red River Delta and Mekong River Delta" -- Chapter 13: Application of remote sensing in drought assessment in Buon Ho town, Dak Lak province, Vietnam -- Chapter 14: Dynamic and impact of land-use/land-cover transition in the tropical areas: A case study in the center of Vietnam -- Chapter 15: Livelihood models to adapt to climate change in A Luoi district, Thua Thien Hue province, Vietnam. 330 $aThis two-volume set presents the conference papers from the 2023 iteration of the International Conference on Economics, Development and Sustainability (EDESUS 2023), organized by the VNU University of Economics and Business, Vietnam National University, Hanoi. The collection addresses global changes and sustainable development in Vietnam and other emerging market economies in Asia, and covers wider topics such as economics and business (e.g. economic theory, national and international income distribution, macroeconomic policies, sectors of economy, productivity developments, financial market, business governance, bank financing), development and sustainability (e.g. developing process, development policy, public policy, sustainable growth, sustainability tools, sustainable livelihood, sustainable tourism, green growth), and resources and global change (e.g. human resources, natural resources, climate change, globalization, global challenges). The books are of interest to professors, researchers, lecturers, and students in economics and geography, consultants, and decision makers interested in global changes and sustainable development. Volume 2 focuses on global changes and sustainable development in Vietnam and other emerging market economies in Asia. This covers topics such as sustainability (e.g. sustainable growth, sustainability tools, sustainable livelihood, sustainable tourism), and change in resources globally (e.g. human resources, natural resources, climate change, globalization, global challenges). 410 0$aEconomics and Finance Series 606 $aSustainability 606 $aDevelopment economics 606 $aEnvironmental sciences$xSocial aspects 606 $aGlobalization 606 $aEnvironmental economics 606 $aSustainability 606 $aDevelopment Economics 606 $aEnvironmental Social Sciences 606 $aGlobalization 606 $aEnvironmental Economics 615 0$aSustainability. 615 0$aDevelopment economics. 615 0$aEnvironmental sciences$xSocial aspects. 615 0$aGlobalization. 615 0$aEnvironmental economics. 615 14$aSustainability. 615 24$aDevelopment Economics. 615 24$aEnvironmental Social Sciences. 615 24$aGlobalization. 615 24$aEnvironmental Economics. 676 $a304.2 700 $aNguyen$b An Thinh$0999992 701 $aHens$b Luc$01601538 801 0$bMiAaPQ 801 1$bMiAaPQ 801 2$bMiAaPQ 906 $aBOOK 912 $a9910913784503321 996 $aGlobal Changes and Sustainable Development in Asian Emerging Market Economies: Volume 2$94462923 997 $aUNINA